banner-ar

معسكرات الكوميوتر العربية حيث التعلم متعة / (Record no. 51949)

MARC details
000 -الفاتح
حقل البيانات ثابتة الطول 00592nam a2200169Ia 4500
008 - عناصر البيانات ثابتة الطول - معلومات عامة
حقل البيانات ثابتة الطول 140319s9999 xx 000 0 ara d
040 ## - مصدر الفهرسة
وكالة الفهرسة الأصلية GCL /
وكالة النسخ GCL
082 04 - رقم تصنيف ديوى العشرى
رقم التصنيف 001.6
رقم المادة خ م
100 1# - المدخل الرئيسى - إسم شخصى
الإسم الشخصى الخبراء العرب فى الهندسة
245 10 - بيان العنوان
العنوان معسكرات الكوميوتر العربية حيث التعلم متعة /
بيان المسئوليه,etc الخبراء العرب فى الهندسة
300 ## - الوصف المادى
التعداد 97 ص
490 ## - بيان السلسلة
عنوان السلسلة الهيئة العامة للاستعلامات
رقم المجلد/ التعيين التسلسلي 0
650 04 - المدخل الاضافى بالموضوع-مصطلح موضوعى
مصطلح موضوعي الحاسبات الالكترونية
650 04 - المدخل الاضافى بالموضوع-مصطلح موضوعى
مصطلح موضوعي المعسكرات
942 ## - عناصر المدخل الإضافي( كوها)
مصدر التصنيف او مخطط الترفيف Dewey Decimal Classification
Koha [default] item type كتاب
Holdings
حالة التراجع حالة الفقد حالة تلف ليس للاعارة المكان المؤقت الموقع الحالى تاريخ الاكتساب اجمالي اﻻعارات رقم الطلب الباركود تاريخ اخر مشاهدة تاريخ تفعيل السعر نوع وعاء كوها
        مكتبة القاهرة الكبرى مكتبة القاهرة الكبرى 03/26/2014   001.6\خ م 124313 03/26/2014 03/26/2014 كتاب

Powered By

EGPV